Service oriented architecture:Concepts (Record no. 19656)
[ view plain ]
| 000 -LEADER | |
|---|---|
| fixed length control field | 00336nam a2200157Ia 4500 |
| 082 ## - DEWEY DECIMAL CLASSIFICATION NUMBER | |
| Classification number | 5.1 |
| Item number | ERL |
| 100 ## - MAIN ENTRY--PERSONAL NAME | |
| Personal name | Erl/Thomas |
| 245 ## - TITLE STATEMENT | |
| Title | Service oriented architecture:Concepts |
| 260 ## - PUBLICATION, DISTRIBUTION, ETC. | |
| Name of publisher, distributor, etc. | Pearson Education |
| Date of publication, distribution, etc. | 2005 |
| 366 ## - TRADE AVAILABILITY INFORMATION | |
| Publishers's discount category | 25 |
| 300 ## - PHYSICAL DESCRIPTION | |
| Extent | 760 |
| 546 ## - LANGUAGE NOTE | |
| Language note | ENGLISH |
| 654 ## - SUBJECT ADDED ENTRY--FACETED TOPICAL TERMS | |
| Focus term | service oriented |
| 942 ## - ADDED ENTRY ELEMENTS (KOHA) | |
| Koha item type | BOOK |
| Withdrawn status | Lost status | Damaged status | Not for loan | Collection | Home library | Current library | Date acquired | Source of acquisition | Cost, normal purchase price | Inventory number | Total Checkouts | Full call number | Barcode | Date last seen | Cost, replacement price | Price effective from | Koha item type |
|---|---|---|---|---|---|---|---|---|---|---|---|---|---|---|---|---|---|
| CRC | Fr. Agnel's C.Rodrigues College of Engineering | Fr. Agnel's C.Rodrigues College of Engineering | 17/03/2023 | Milan Book Supplier | 468.75 | 1932 dt 28/10/2009 | 5.1 ERL | 20142 | 17/03/2023 | 625.00 | BOOK | ||||||
| CRC | Fr. Agnel's C.Rodrigues College of Engineering | Fr. Agnel's C.Rodrigues College of Engineering | 17/03/2023 | Milan Book Supplier | 468.75 | 1932 dt 28/10/2009 | 5.1 ERL | 20143 | 17/03/2023 | 625.00 | BOOK | ||||||
| CRC | Fr. Agnel's C.Rodrigues College of Engineering | Fr. Agnel's C.Rodrigues College of Engineering | 17/03/2023 | Milan Book Supplier | 468.75 | 1932 dt 28/10/2009 | 5.1 ERL | 20144 | 17/03/2023 | 625.00 | BOOK |